[Event "AUTO-BEG-72"]
[Site "http://www.queenalice.com/game.php?id=167355"]
[Date "2007.2.12"]
[Round "1"]
[White "knightsdefence"]
[Black "yanfu"]
[Result "0-1"]
[WhiteElo "1226"]
[BlackElo "1362"]

1. c4 b6 2. e4 Bb7 3. d3 e5 4. Nf3 Nc6 5. Nc3 Bb4 6. Bd2 Nf6 7. a3 Bc5 8. h3 O-O
9. Qe2 d6 10. Be3 Bxe3 11. Qxe3 h6 12. Be2 Na5 13. Bd1 Nd7 14. Ba4 Nc5 0-1

[Event "AUTO-BEG-72"]
[Site "http://www.queenalice.com/game.php?id=167356"]
[Date "2007.2.12"]
[Round "1"]
[White "yanfu"]
[Black "knightsdefence"]
[Result "1-0"]
[WhiteElo "1373"]
[BlackElo "1215"]

1. e4 e5 2. Nf3 d6 3. Bc4 h6 4. O-O Nf6 5. Nc3 Qe7 6. Re1 c5 7. Nd5 Qd8 8. d3
Be6 9. Bb5+ Bd7 10. Nxf6+ Qxf6 11. Bc4 Be6 12. Bxe6 Qxe6 13. b3 b6 14. Nh4 Be7
15. Nf5 1-0

[Event "AUTO-BEG-72"]
[Site "http://www.queenalice.com/game.php?id=167371"]
[Date "2007.2.12"]
[Round "1"]
[White "baggerman"]
[Black "yanfu"]
[Result "1-0"]
[WhiteElo "1426"]
[BlackElo "1362"]

1. e4 e5 2. c3 Nf6 3. d3 Bc5 4. Nf3 d6 5. d4 exd4 6. cxd4 Bb4+ 7. Bd2 Bxd2+ 8.
Nbxd2 O-O 9. Bc4 Nc6 10. O-O Nxe4 11. Nxe4 d5 12. Neg5 dxc4 13. Qc2 g6 14. Qxc4
b6 15. Qxc6 Ba6 16. Rfe1 Rb8 17. Rac1 Bb7 18. Qxc7 Bxf3 19. Nxf3 Qd5 20. b3 Rfc8
21. Qxa7 Rxc1 22. Rxc1 Ra8 23. Qxb6 Rxa2 24. Qf6 Ra8 25. h3 Qxb3 26. Ne5 Qb2 27.
Qxf7+ Kh8 28. Nxg6+ hxg6 29. Qf6+ Kh7 30. Rc7+ Kh6 31. Rc6 Ra1+ 32. Kh2 Qb8+ 33.
Rd6 Qb1 34. Qh4+ Kg7 35. Rd7+ Kg8 36. Qd8# 1-0

[Event "AUTO-BEG-72"]
[Site "http://www.queenalice.com/game.php?id=167372"]
[Date "2007.2.12"]
[Round "1"]
[White "yanfu"]
[Black "baggerman"]
[Result "0-1"]
[WhiteElo "1383"]
[BlackElo "1492"]

1. e4 e5 2. Nf3 d6 3. Bc4 Nf6 4. Ng5 Be6 5. Nxe6 fxe6 6. Bxe6 Nxe4 7. Bf5 Nf6 8.
O-O Nd5 9. Be4 c6 10. Qe2 g6 11. d4 Nb6 12. dxe5 d5 13. Bf3 Qe7 14. b3 N8d7 15.
e6 Nc5 16. Qe5 Bg7 17. Qg5 Bxa1 18. Qxe7+ Kxe7 19. Be3 Nxe6 20. Nd2 Bd4 21. Re1
Bxe3 22. Rxe3 Rad8 23. Bg4 Rd6 24. Nf3 Kf6 25. g3 h5 26. Bh3 Ng5 27. Nxg5 Kxg5
28. Re7 h4 29. f4+ Kf6 30. Re3 Kf7 31. g4 Re8 32. Rf3 Rde6 33. Bg2 d4 34. Rh3
Re1+ 35. Bf1 R8e4 36. Rxh4 Rxf4 37. Rh7+ Kf6 38. Rh8 Rexf1+ 39. Kg2 Kg5 40. Kg3
Rg1+ 41. Kh3 Rf3# 0-1

[Event "Challenge"]
[Site "http://www.queenalice.com/game.php?id=177437"]
[Date "2007.3.5"]
[Round "-"]
[White "yanfu"]
[Black "baggerman"]
[Result "0-1"]
[WhiteElo "1437"]
[BlackElo "1538"]

1. e4 e5 2. Nf3 d6 3. Bc4 Nf6 4. d3 d5 5. exd5 Nxd5 6. Nxe5 Be6 7. O-O Qd6 8. d4
Nc6 9. Be3 O-O-O 10. Qf3 f6 11. Nxc6 bxc6 12. Nd2 Nxe3 13. fxe3 Bxc4 14. Nxc4
Qe6 15. Na5 Rd5 16. b4 Bxb4 17. Nc4 Rg5 18. Nb2 Bc3 19. Rfb1 Re8 20. a4 Qxe3+
21. Qxe3 Rxe3 22. Ra3 Bxd4 23. Rxe3 Bxe3+ 24. Kh1 Rf5 25. Nc4 Bb6 26. g3 Rc5 27.
Ne3 Ra5 28. Nc4 Rxa4 29. Nxb6+ cxb6 30. Kg2 Re4 31. Rb2 c5 32. Kf3 f5 33. h3 Kb7
34. Rb3 c4 35. Rb5 g6 36. g4 Kc6 37. Rb2 a5 38. c3 b5 39. gxf5 gxf5 40. Rg2 Re1
41. Rg3 b4 42. Kf4 b3 43. Rg7 b2 44. Rxh7 b1=Q 45. Rh6+ Kb5 46. h4 Qc1+ 47. Kxf5
Qxh6 48. Kg4 Qf6 49. h5 Rg1+ 50. Kh3 Qxc3+ 51. Kh4 Qg3# 0-1

[Event "Challenge"]
[Site "http://www.queenalice.com/game.php?id=177438"]
[Date "2007.3.5"]
[Round "-"]
[White "baggerman"]
[Black "yanfu"]
[Result "1-0"]
[WhiteElo "1517"]
[BlackElo "1437"]

1. e4 e5 2. Nf3 Nc6 3. d4 d6 4. dxe5 dxe5 5. Qxd8+ Kxd8 6. Ng5 Nd4 7. Bd3 Nh6 8.
O-O Be7 9. c3 f6 10. cxd4 fxg5 11. dxe5 Ng4 12. f4 Bc5+ 13. Kh1 Nf2+ 14. Rxf2
Bxf2 15. fxg5 Bd4 16. a4 Bxe5 17. Na3 Rf8 18. Nc4 Bd4 19. Be3 Bxe3 20. Nxe3 c5
21. Rd1 b6 22. e5 Kc7 23. Nd5+ Kb8 24. Bxh7 Rd8 25. Be4 Be6 26. h3 a5 27. Kh2
Bxd5 28. Rxd5 Rxd5 29. Bxd5 Ra7 30. Bc4 Re7 31. e6 Kc7 32. g4 Kd6 33. h4 Ke5 34.
Kg3 Kd4 35. b3 Ke3 36. g6 Re8 37. h5 Rf8 38. Kh4 Kf4 39. h6 Rf6 40. Kh5 gxh6 41.
g7 Kg3 42. g8=Q Rf4 43. Qb8 Kf3 44. Qxf4+ Kxf4 45. e7 b5 46. axb5 Ke4 47. e8=Q+
Kd4 48. Qd8+ Kc3 49. Qxa5+ Kb2 50. b6 1-0

[Event "Challenge"]
[Site "http://www.queenalice.com/game.php?id=179512"]
[Date "2007.3.10"]
[Round "-"]
[White "holandes"]
[Black "yanfu"]
[Result "0-1"]
[WhiteElo "1497"]
[BlackElo "1401"]

1. e4 e5 2. d4 d6 3. d5 Nf6 4. Nc3 b6 5. Nf3 Be7 6. Bd3 O-O 7. Be3 Bg4 8. Qd2
Nbd7 9. Nh4 Nxe4 10. Nxe4 Bxh4 11. h3 Bh5 12. g3 Bf3 13. Rh2 Bf6 14. Nc3 Nc5 15.
h4 Qd7 16. Be2 Bxe2 17. Qxe2 Na4 18. Nxa4 Qxa4 19. b3 Qd7 20. O-O-O Qe8 21. f3
Qe7 22. Qd3 Rfe8 23. Qe4 h5 24. g4 hxg4 25. Qxg4 e4 26. h5 exf3 27. h6 Qxe3+ 28.
Rdd2 Bc3 29. h7+ Kh8 30. Kd1 Bxd2 0-1

[Event "AUTO-BEG-63"]
[Site "http://www.queenalice.com/game.php?id=195462"]
[Date "2007.4.11"]
[Round "2"]
[White "nandolessa"]
[Black "yanfu"]
[Result "1-0"]
[WhiteElo "1751"]
[BlackElo "1425"]

1. e4 e5 2. Nf3 Nc6 3. Bb5 Nge7 4. O-O a6 5. Ba4 b5 6. Bb3 Bb7 7. d3 h6 8. Nc3
Ng6 9. Re1 Bb4 10. Bd2 O-O 11. a3 Bc5 12. Bd5 Nge7 13. b4 Bb6 14. Nxe5 Nxd5 15.
Nxc6 Nxc3 16. Nxd8 Nxd1 17. Nxb7 Nb2 18. Nc5 Bxc5 19. bxc5 1-0

[Event "AUTO-BEG-63"]
[Site "http://www.queenalice.com/game.php?id=195463"]
[Date "2007.4.11"]
[Round "2"]
[White "yanfu"]
[Black "nandolessa"]
[Result "0-1"]
[WhiteElo "1422"]
[BlackElo "1754"]

1. e4 e5 2. Nf3 Nc6 3. Bc4 d6 4. d3 Bg4 5. h3 Bh5 6. Ng5 Bxd1 7. Nxf7 Qf6 8.
Kxd1 Qxf2 9. Nxh8 Nd4 10. Bf7+ Kd7 11. Bh5 Qxc2+ 12. Ke1 Qxc1+ 13. Bd1 Qxb2 14.
Rf1 Nf6 15. Rf2 Qxa1 16. Nd2 Nc2+ 17. Ke2 Qxa2 18. Bxc2 Qxc2 19. Nf7 h6 20. Nh8
d5 0-1

[Event "AUTO-BEG-63"]
[Site "http://www.queenalice.com/game.php?id=195468"]
[Date "2007.4.11"]
[Round "2"]
[White "Patrick77"]
[Black "yanfu"]
[Result "1-0"]
[WhiteElo "1668"]
[BlackElo "1432"]

1. e4 e5 2. Bc4 Nf6 3. d3 Bc5 4. h3 O-O 5. Nf3 Nc6 6. a3 d6 7. Nc3 Na5 8. Ba2 a6
9. O-O Bd7 10. Re1 h6 11. Be3 Bxe3 12. Rxe3 1-0

[Event "AUTO-BEG-63"]
[Site "http://www.queenalice.com/game.php?id=195469"]
[Date "2007.4.11"]
[Round "2"]
[White "yanfu"]
[Black "Patrick77"]
[Result "0-1"]
[WhiteElo "1439"]
[BlackElo "1661"]

1. e4 e5 2. Nf3 Nc6 3. Bb5 a6 4. Bxc6 bxc6 5. Nxe5 Qe7 6. d4 d6 7. Nxc6 Qxe4+ 8.
Qe2 Qxe2+ 9. Kxe2 Bd7 10. d5 Ne7 11. Nxe7 Bxe7 12. Re1 Bb5+ 0-1